|
|
|
|
| LEADER |
03917nam a2200649 4500 |
| 001 |
978-3-319-74769-9 |
| 003 |
DE-He213 |
| 005 |
20191028151143.0 |
| 007 |
cr nn 008mamaa |
| 008 |
180206s2018 gw | s |||| 0|eng d |
| 020 |
|
|
|a 9783319747699
|9 978-3-319-74769-9
|
| 024 |
7 |
|
|a 10.1007/978-3-319-74769-9
|2 doi
|
| 040 |
|
|
|d GrThAP
|
| 050 |
|
4 |
|a TJ1075-1081
|
| 050 |
|
4 |
|a TA467
|
| 072 |
|
7 |
|a TGBF
|2 bicssc
|
| 072 |
|
7 |
|a TEC021000
|2 bisacsh
|
| 072 |
|
7 |
|a TGBF
|2 thema
|
| 082 |
0 |
4 |
|a 621.89
|2 23
|
| 082 |
0 |
4 |
|a 620.11223
|2 23
|
| 100 |
1 |
|
|a Ermakov, Sergey F.
|e author.
|4 aut
|4 http://id.loc.gov/vocabulary/relators/aut
|
| 245 |
1 |
0 |
|a Liquid-Crystal Nanomaterials
|h [electronic resource] :
|b Tribology and Applications /
|c by Sergey F. Ermakov, Nikolai K. Myshkin.
|
| 250 |
|
|
|a 1st ed. 2018.
|
| 264 |
|
1 |
|a Cham :
|b Springer International Publishing :
|b Imprint: Springer,
|c 2018.
|
| 300 |
|
|
|a XVI, 215 p. 130 illus., 42 illus. in color.
|b online resource.
|
| 336 |
|
|
|a text
|b txt
|2 rdacontent
|
| 337 |
|
|
|a computer
|b c
|2 rdamedia
|
| 338 |
|
|
|a online resource
|b cr
|2 rdacarrier
|
| 347 |
|
|
|a text file
|b PDF
|2 rda
|
| 490 |
1 |
|
|a Springer Series in Materials Science,
|x 0933-033X ;
|v 267
|
| 505 |
0 |
|
|a Introduction -- Structure and Properties of Liquid-Crystal Nanomaterials -- Tribology and Lubrication of Solids -- Engineering and Technique of Experimental Tests of Liquid-Crystal Nanomaterials -- Tribological Properties of Liquid-Crystal Nanomaterials -- Practical Application of Liquid-Crystal Nanomaterials in Engineering and Medicine -- Conclusions.
|
| 520 |
|
|
|a This book discusses the tribological, rheological and optical properties of liquid-crystal nanomaterials as well as lubricant media. It also describes the formation of liquid-crystal materials and the application of cholesteric liquid-crystal compounds in technical friction units and in human and animal joints. Further, it shows the connection between the tribological and other physical properties of liquid-crystal cholesterol compounds and develops a lubricity conceptual model of cholesteric-nematic, liquid-crystalline nanostructures on the basis of physical and energetic interpretations. This general model is valid for all surfaces and friction pairs, including biopolymers, and could lead to applications of cholesteric liquid-crystalline nanomaterials in different friction units and tribosystems as well as in the treatment of joint diseases.
|
| 650 |
|
0 |
|a Tribology.
|
| 650 |
|
0 |
|a Corrosion and anti-corrosives.
|
| 650 |
|
0 |
|a Coatings.
|
| 650 |
|
0 |
|a Amorphous substances.
|
| 650 |
|
0 |
|a Complex fluids.
|
| 650 |
|
0 |
|a Nanotechnology.
|
| 650 |
|
0 |
|a Nanoscale science.
|
| 650 |
|
0 |
|a Nanoscience.
|
| 650 |
|
0 |
|a Nanostructures.
|
| 650 |
|
0 |
|a Polymers .
|
| 650 |
1 |
4 |
|a Tribology, Corrosion and Coatings.
|0 http://scigraph.springernature.com/things/product-market-codes/Z15000
|
| 650 |
2 |
4 |
|a Soft and Granular Matter, Complex Fluids and Microfluidics.
|0 http://scigraph.springernature.com/things/product-market-codes/P25021
|
| 650 |
2 |
4 |
|a Nanotechnology and Microengineering.
|0 http://scigraph.springernature.com/things/product-market-codes/T18000
|
| 650 |
2 |
4 |
|a Nanoscale Science and Technology.
|0 http://scigraph.springernature.com/things/product-market-codes/P25140
|
| 650 |
2 |
4 |
|a Polymer Sciences.
|0 http://scigraph.springernature.com/things/product-market-codes/C22008
|
| 700 |
1 |
|
|a Myshkin, Nikolai K.
|e author.
|4 aut
|4 http://id.loc.gov/vocabulary/relators/aut
|
| 710 |
2 |
|
|a SpringerLink (Online service)
|
| 773 |
0 |
|
|t Springer eBooks
|
| 776 |
0 |
8 |
|i Printed edition:
|z 9783319747682
|
| 776 |
0 |
8 |
|i Printed edition:
|z 9783319747705
|
| 776 |
0 |
8 |
|i Printed edition:
|z 9783319892825
|
| 830 |
|
0 |
|a Springer Series in Materials Science,
|x 0933-033X ;
|v 267
|
| 856 |
4 |
0 |
|u https://doi.org/10.1007/978-3-319-74769-9
|z Full Text via HEAL-Link
|
| 912 |
|
|
|a ZDB-2-CMS
|
| 950 |
|
|
|a Chemistry and Materials Science (Springer-11644)
|